| 000 | 01217nam0a22002771 4500 | ||
|---|---|---|---|
| 001 | rc\4031854 | ||
| 005 | 20250610231723.0 | ||
| 035 | _a(NLR Aleph) 007953743 | ||
| 090 |
_a8355670 _c8355670 |
||
| 100 | _a20130415d1947 |||y0rusy50 ca | ||
| 101 | 0 | _arus | |
| 102 | _aRU | ||
| 105 | _aab z ||||| | ||
| 200 | 1 | _aГранитные интрузии восточного склона Среднего Урала и их редкометальное оруденение | |
| 210 |
_a[Москва] _cИзд-во Акад. наук _d[1947] |
||
| 215 |
_a103, [3] с., 1 л. карт. _cил., карт. _d26 |
||
| 225 | 1 |
_aАкадемия наук СССР. Труды Института геологических наук _vВып. 83 _iПетрографическая серия _v[26]. 1947 |
|
| 300 | _aРезюме на англ. яз. | ||
| 300 | _aБез тит. л. Описано по обл. | ||
| 320 | _aБиблиогр.: Литература: с. 102-103 | ||
| 700 | 1 |
_7ca _8rus _aКуплетский _bБ. М. _f1894-1964 _gБорис Михайлович _9243805 _3RU\NLR\AUTH\770243861 |
|
| 801 | 0 |
_aRU _bNLR _gpsbo |
|
| 801 | 1 |
_aRU _bELAR _2rusmarc |
|
| 852 |
_aNLR _jП7/244 |
||
| 942 | _cBOOK | ||
| 980 | _aNB | ||